LEADER 01281nam a2200253 u 4500 001 000000032928 003 CaOOAMICUS 005 20070226112315.0 008 971024s1972 gw k u000 u ger u 035 $a10774212 040 $aPUL(R)$bita 100 1 $aDietrich, Walter,$d1944-$0(OLS)http://pul/name/25813 245 10$aProphetie und Geschichte :$beine redaktionsgeschichtliche Untersuchung zum deuteronomistischen Geschichtswerk /$cWalter Dietrich. 260 $aGöttingen :$bVandenhoeck & Ruprecht,$c1972. 300 $a158 p., [1] c. di tav. :$bprosp. ;$c24 cm 490 1 $aForschungen zur Religion und Literatur des Alten und Neuen Testaments ;$v108 504 $a"Literaturverzeichnis": p. [149]-152. 830 0$aForschungen zur Religion und Literatur des Alten und Neuen Testaments ;$v108.$0(OLS)http://pul/title/15482 850 $aPUL 852 $aPUL$W1$xSL Religione 1$y3$m10(5) A 108$j45286$nBK-PRI$b $qStampati$B45286$CPULBib$Z2$F45286 $H $81 941 1 $a8 961 $aINV: 61719 996 $6245$aProphetie und Geschichte :$beine redaktionsgeschichtliche Untersuchung zum deuteronomistischen Geschichtswerk$9(OLS)http://pul/title/45375 996 $6260$aGöttingen :$bVandenhoeck & Ruprecht$9(OLS)http://pul/publisher/47973 LEADER 02918nam a2200493 a 4500 001 000000129626 003 CaOOAMICUS 005 20250627133529.0 008 120712s2012 it u000 u ita r 020 $a978-88-311-9095-4 040 $aPUL$bita 041 0 $aita$alat$hlat 100 0 $aEugippius Abbas,$d455-533.$0(OLS)http://pul/name/2639 245 10$aOpere :$bVita di San Severino ; La regola ; Estratti delle Opere di Sant'Agostino /$cEugippio Abate ; a cura di Armando Genovese. 246 30$aVita di San Severino 260 $aGorizia :$bSocietà per la conservazione della Basilica di Aquileia,$c2012$aRoma :$bCittà Nuova,$c2012. 300 $a342 p. ;$c24 cm. 490 1 $aScrittori della chiesa di Aquileia ;$v7 490 1 $aCorpus scriptorum ecclesiae aquileiensis ;$v7 504 $aBibliografia in nota. 546 $aTraduzione italiana con testo in latino a fronte. 700 1 $aGenovese, Armando.$0(OLS)http://pul/name/41696 700 02$aEugippius Abbas,$d455-533.$tCommemoratorium de vita s. Severini cum epistulis amoeboeis Eugippii et Paschasii diaconi.$lItaliano e latino.$0(OLS)http://pul/nameTitle/1695$0(OLS)http://pul/name/2639$0(OLS)http://pul/title/163835 700 02$aEugippius Abbas,$d455-533.$tRegula.$lItaliano e latino.$0(OLS)http://pul/nameTitle/1696$0(OLS)http://pul/name/2639$0(OLS)http://pul/title/163836 700 02$aEugippius Abbas,$d455-533.$tExcerpta ex operibus s. Augustini.$lItaliano e latino.$0(OLS)http://pul/nameTitle/1698$0(OLS)http://pul/name/2639$0(OLS)http://pul/title/163837 740 32$aLa regola. 740 02$aEstratti delle Opere di Sant'Agostino. 830 0$aCorpus scriptorum ecclesiae aquileiensis ;$v7.$0(OLS)http://pul/title/64601 830 0$aScrittori della chiesa di Aquileia ;$v7.$0(OLS)http://pul/title/64600 850 $aPUL 852 $aPUL$W1$xSL Religione 1$y3$m25 A 22.7$j150106$qStampati$B148641$CPULBib$Z2$F148641 $H120377 $82 900 $aEugippio,$cabate di Castellum Lucullanum,$dsec. VI$92639 900 $aEugippio,$cabate di Castellum Lucullanum,$dsec. VI$92639 900 $aEugippio,$cabate di Castellum Lucullanum,$dsec. VI$92639 900 $aEugippio,$cabate di Castellum Lucullanum,$dsec. VI$92639 941 1 $a8 996 $6020$a978-88-311-9095-4$9(OLS)http://pul/number/150253 996 $6245$aOpere :$bVita di San Severino ; La regola ; Estratti delle Opere di Sant'Agostino$9(OLS)http://pul/title/163830 996 $6740$aEstratti delle Opere di Sant'Agostino$9(OLS)http://pul/title/163834 996 $6246$aVita di San Severino$9(OLS)http://pul/title/163831 996 $6740$aLa regola$9(OLS)http://pul/title/163833 996 $6260$aGorizia :$bSocietà per la conservazione della Basilica di Aquileia$9(OLS)http://pul/publisher/66970 996 $6260$aRoma :$bCittà Nuova$9(OLS)http://pul/publisher/47927